00301nam a2200121Ia 4500008004100000041000800041082001700049100001500066245003300081260003400114300001000148999002100158231228s1997 xx 000 0 und d aeng a658.002bBAR aBARROW (C) aThe Essece of Small Business aNew DelhibP.H.I.(3E) Ec1997 aX,197 c1085132d1085132